Statistics for Black Panther Character Quiz

Click here to take the quiz!

General Stats

  • This quiz has been taken 697 times
    (696 since last reset)
  • The average score is 8 of 14

Answer Stats

NumberHintAnswer% Correct
2The new kingT’Challa
91%
42’s sisterShuri
87%
10Main villainErik Killmonger
81%
1The suitBlack Panther
78%
7General of the Dora MilajeOkoye
75%
132’s fatherT’Chaka
67%
11Leader of the Jarabi tribeM’Baku
65%
9CIA agentEverett Ross
56%
62’s exNakia
56%
3The old king’s wifeRamonda
42%
12Cool ArmUlysses Klaue
42%
14Member of the Dora MilajeAyo
38%
5Trusted advisorZuri
35%
87’s partnerW’Kabi
31%

Score Distribution

Percentile by Number Answered

Percent of People with Each Score

Your Score History

You have not taken this quiz since the last reset